| 000 | 00451nam a2200169Ia 4500 | ||
|---|---|---|---|
| 001 | 22597 | ||
| 008 | 140409s9999 xx 000 0 und d | ||
| 040 | _cPK-LaUMT | ||
| 082 |
_a 346.006 _bCOM- |
||
| 100 | _aChahdary, A.D | ||
| 245 | 4 |
_aThe Companies Ordinance of 1984: _bXLVIII of 1984 _cChahdary, A.D |
|
| 260 |
_aLahore,Pakistan: _bIrfan Law Book House, _c2002 |
||
| 300 | _a763 p. | ||
| 546 | _aEN | ||
| 650 | _aCompanies ordinance | ||
| 942 | _cBK | ||
| 999 |
_c22842 _d22842 |
||